[Event "Parnu Keres Memorial Rapid op 4th"]
[Site "Parnu"]
[Date "2023.07.30"]
[Round "3"]
[White "Kantans, Toms"]
[Black "Wadstensvik, Petter Andreas"]
[Result "1-0"]
[WhiteElo "2500"]
[BlackElo "1923"]
[PlyCount "75"]
[EventDate "2023.07.30"]
[EventType "swiss (rapid)"]
[EventRounds "7"]
[EventCountry "EST"]
[SourceTitle "CBM 215 Extra"]
[Source "ChessBase"]
[SourceDate "2023.09.30"]
[SourceVersion "1"]
[SourceVersionDate "2023.09.30"]
[SourceQuality "1"]

1. e4 c5 2. Nf3 Nc6 3. Bb5 Nf6 4. Nc3 d6 5. e5 dxe5 6. Nxe5 Bd7 7. Bxc6 Bxc6 8. Nxc6 bxc6 9. d3 e6 10. 0-0 Bd6 11. Re1 0-0 12. Qf3 Qc7 13. g3 Rab8 14. b3 Be5 15. Bb2 Bd4 16. Na4 Nd5 17. c3 Bf6 18. Nxc5 Rbd8 19. d4 Be7 20. Nd3 a5 21. Rad1 a4 22. b4 Bf6 23. a3 Nb6 24. h4 Nc4 25. Bc1 Rfe8 26. Nc5 e5 27. Nxa4 exd4 28. Rxe8+ Rxe8 29. cxd4 Rd8 30. Bg5 Bxg5 31. hxg5 Qa7 32. Qxc6 Ne5 33. Qb6 Qa8 34. d5 Nf3+ 35. Kg2 Nxg5 36. Qc6 Qxc6 37. dxc6 Rc8 38. Nb6 1-0

[Event "Molde Rosecupen A"]
[Site "Molde"]
[Date "2018.06.03"]
[Round "5.4"]
[White "Strand, Amund Pihl"]
[Black "Wadstensvik, Petter Andreas"]
[Result "0-1"]
[WhiteElo "1649"]
[BlackElo "1914"]
[PlyCount "60"]
[EventDate "2018.06.02"]
[EventType "swiss"]
[EventRounds "6"]
[EventCountry "NOR"]
[SourceTitle "EXT 2024"]
[Source "ChessBase"]
[SourceDate "2023.10.10"]
[SourceVersion "1"]
[SourceVersionDate "2023.10.10"]
[SourceQuality "1"]

1. d4 Nf6 2. Bf4 e6 3. Nf3 b6 4. e3 Bb7 5. Nbd2 c5 6. c3 Nc6 7. Bd3 d5 8. h3 Bd6 9. Ne5 Qc7 10. Ndf3 c4 11. Bc2 0-0-0 12. 0-0 Nh5 13. Bh2 f5 14. Nxc6 Bxc6 15. Ne5 Nf6 16. b3 g5 17. f4 Rhg8 18. a4 h5 19. fxg5 Rxg5 20. Bf4 Rg7 21. b4 Nd7 22. Nxc6 Qxc6 23. b5 Qc7 24. a5 Rdg8 25. Rf2 Bxf4 26. exf4 Rg3 27. Qxh5 Nf6 28. Qh6 R3g6 29. Qh4 Qg7 30. Re2 Rxg2+ 0-1

[Event "Molde Rosecupen A"]
[Site "Molde"]
[Date "2018.06.02"]
[Round "4.2"]
[White "Wadstensvik, Petter Andreas"]
[Black "Bentsen, Hakon"]
[Result "0-1"]
[WhiteElo "1914"]
[BlackElo "2135"]
[PlyCount "88"]
[EventDate "2018.06.02"]
[EventType "swiss"]
[EventRounds "6"]
[EventCountry "NOR"]
[SourceTitle "EXT 2024"]
[Source "ChessBase"]
[SourceDate "2023.10.10"]
[SourceVersion "1"]
[SourceVersionDate "2023.10.10"]
[SourceQuality "1"]

1. d4 Nf6 2. Nf3 d5 3. b3 c6 4. Bb2 g6 5. Nbd2 Bg7 6. e3 0-0 7. Bd3 Qc7 8. Ne5 Nbd7 9. Nxd7 Nxd7 10. f4 f5 11. Qe2 c5 12. 0-0 cxd4 13. exd4 Nf6 14. Nf3 Ne4 15. Ne5 Be6 16. Rac1 Qa5 17. a3 Rac8 18. Bxe4 fxe4 19. c4 Bxe5 20. fxe5 Qb6 21. cxd5 Bxd5 22. b4 Rxf1+ 23. Qxf1 Rxc1 24. Qxc1 Qc6 25. Qxc6 Bxc6 26. Kf2 Kf7 27. Ke3 Ke6 28. b5 Bxb5 29. Kxe4 Bc6+ 30. Kf4 Bxg2 31. Kg5 b5 32. Kh6 Kd5 33. Kxh7 Be4 34. Kg7 e6 35. Kf6 Bf5 36. Bc3 Kc4 37. Be1 a6 38. h4 Kxd4 39. Bb4 Kd5 40. Ke7 Kxe5 41. Kd7 Kf4 42. Kc6 Kg4 43. Be1 e5 44. Kb6 Bd3 0-1

[Event "Molde Rosecupen A"]
[Site "Molde"]
[Date "2018.06.01"]
[Round "2.1"]
[White "Wadstensvik, Petter Andreas"]
[Black "Solberg, Joachim Krokvik"]
[Result "1-0"]
[WhiteElo "1914"]
[BlackElo "2265"]
[PlyCount "111"]
[EventDate "2018.06.01"]
[EventType "swiss (rapid)"]
[EventRounds "6"]
[EventCountry "NOR"]
[SourceTitle "EXT 2024"]
[Source "ChessBase"]
[SourceDate "2023.10.10"]
[SourceVersion "1"]
[SourceVersionDate "2023.10.10"]
[SourceQuality "1"]

1. d4 d5 2. Nf3 Nf6 3. b3 g6 4. Bb2 Bg7 5. e3 0-0 6. Bd3 c5 7. Nbd2 cxd4 8. exd4 Nc6 9. a3 Bf5 10. Bxf5 gxf5 11. 0-0 e6 12. Ne5 Rc8 13. Ndf3 Ne4 14. Nxc6 Rxc6 15. Ne5 Rc7 16. f3 Nd6 17. Qd2 Qc8 18. Rf2 b5 19. a4 a6 20. axb5 axb5 21. Ba3 Rd8 22. Bc5 Nb7 23. Bb6 h6 24. Bxc7 Qxc7 25. Re2 Nd6 26. Qa5 Qc8 27. Qb6 Bf8 28. Ra7 f4 29. Rc7 Qa8 30. Qa7 Bg7 31. Nc6 Re8 32. c3 b4 33. Nxb4 Qxa7 34. Rxa7 Nb5 35. Rb7 Nxc3 36. Rc2 Bxd4+ 37. Kf1 Ra8 38. Rc1 Bf6 39. Rc7 d4 40. Nd3 Ra2 41. b4 Nd5 42. Rc8+ Kg7 43. b5 Rd2 44. Nf2 d3 45. Rb1 Bd4 46. Ne4 Ne3+ 47. Kg1 Rxg2+ 48. Kh1 f5 49. b6 fxe4 50. b7 Ba7 51. Ra8 Ra2 52. Rxa7 Rxa7 53. b8Q Rf7 54. Rg1+ Kf6 55. Qxf4+ Nf5 56. fxe4 1-0

[Event "Alesund Grand Prix A"]
[Site "Alesund"]
[Date "2017.04.01"]
[Round "4"]
[White "Unneland, Mathias"]
[Black "Wadstensvik, Petter Andreas"]
[Result "1-0"]
[WhiteElo "1645"]
[BlackElo "1655"]
[PlyCount "81"]
[EventDate "2017.04.01"]
[EventType "swiss"]
[EventRounds "4"]
[EventCountry "NOR"]
[SourceTitle "EXT 2024"]
[Source "ChessBase"]
[SourceDate "2023.10.10"]
[SourceVersion "1"]
[SourceVersionDate "2023.10.10"]
[SourceQuality "1"]

1. e4 e5 2. Nf3 Nc6 3. d4 exd4 4. Bc4 Nf6 5. 0-0 d5 6. exd5 Nxd5 7. Nxd4 Be7 8. Nxc6 bxc6 9. Qf3 0-0 10. Be3 Bf6 11. c3 Rb8 12. Bb3 Nxe3 13. Qxe3 Ra8 14. Na3 Re8 15. Qf3 Qd6 16. Nb5 Qe7 17. Qxc6 Bd7 18. Qc4 c6 19. Nc7 Be6 20. Nxe6 Qxe6 21. Qc5 Qd7 22. Rad1 Qc7 23. Ba4 Re6 24. b4 Qe5 25. Qxe5 Bxe5 26. c4 Rc8 27. Rd7 Bc7 28. Rfd1 Kf8 29. g3 Bb6 30. c5 Bc7 31. Bb3 Re7 32. Kg2 Ke8 33. R7d3 a5 34. Ba4 Re6 35. b5 Re4 36. Rd4 Rxd4 37. Rxd4 cxb5 38. Bxb5+ Kf8 39. Rd7 Bd8 40. c6 Ke8 41. c7 1-0

[Event "NOR-ch U20"]
[Site "Tromsoe"]
[Date "2016.07.15"]
[Round "8"]
[White "Wadstensvik, Petter Andreas"]
[Black "Kaasen, Tor Fredrik"]
[Result "0-1"]
[WhiteElo "1668"]
[BlackElo "2219"]
[PlyCount "60"]
[EventDate "2016.07.09"]
[EventType "swiss"]
[EventRounds "9"]
[EventCountry "NOR"]
[SourceTitle "EXT 2024"]
[Source "ChessBase"]
[SourceDate "2023.10.10"]
[SourceVersion "1"]
[SourceVersionDate "2023.10.10"]
[SourceQuality "1"]

1. d4 Nf6 2. Bf4 g6 3. Nf3 Bg7 4. e3 0-0 5. Nbd2 d6 6. c3 Nbd7 7. Bd3 Re8 8. Bc2 e5 9. Bg3 e4 10. Ng5 Nh5 11. Ngxe4 f5 12. Bb3+ Kh8 13. Nxd6 cxd6 14. Bxd6 Qf6 15. Ba3 Nb6 16. Nf3 Be6 17. Ne5 Qh4 18. Nf3 Qg4 19. h3 Qe4 20. Bxe6 Qxe6 21. Ng5 Qd5 22. Qb3 Nc4 23. 0-0-0 f4 24. Nf3 fxe3 25. fxe3 Nxe3 26. Qxd5 Nxd5 27. Bd6 Ne3 28. Rdg1 Nc4 29. Bc7 Rac8 30. Re1 Bh6+ 0-1

[Event "NOR-ch U20"]
[Site "Tromsoe"]
[Date "2016.07.11"]
[Round "3"]
[White "Wadstensvik, Petter Andreas"]
[Black "Machlik, Endre"]
[Result "0-1"]
[WhiteElo "1537"]
[BlackElo "2034"]
[PlyCount "52"]
[EventDate "2016.07.09"]
[EventType "swiss"]
[EventRounds "9"]
[EventCountry "NOR"]
[SourceTitle "EXT 2024"]
[Source "ChessBase"]
[SourceDate "2023.10.10"]
[SourceVersion "1"]
[SourceVersionDate "2023.10.10"]
[SourceQuality "1"]

1. d4 Nf6 2. Bf4 d5 3. Nf3 e6 4. e3 c5 5. c3 Nc6 6. Bd3 Be7 7. Nbd2 Nh5 8. Bg3 Nxg3 9. hxg3 g6 10. Qe2 a6 11. dxc5 Bxc5 12. Nb3 Bd6 13. e4 dxe4 14. Qxe4 0-0 15. Qe3 Qc7 16. Ng5 h5 17. Ne4 Be5 18. Rxh5 f5 19. Rh6 fxe4 20. Rxg6+ Bg7 21. Qxe4 Qe5 22. 0-0-0 Rxf2 23. Qh4 Qe3+ 24. Kb1 Ne5 25. Nc1 Nxg6 26. Bxg6 Qh6 0-1

[Event "NOR-ch U16"]
[Site "Bergen"]
[Date "2015.11.??"]
[Round "5"]
[White "Fossan, Benjamin"]
[Black "Wadstensvik, Petter Andreas"]
[Result "1-0"]
[WhiteElo "1755"]
[BlackElo "1527"]
[PlyCount "63"]
[EventDate "2015.11.13"]
[EventType "swiss"]
[EventRounds "6"]
[EventCountry "NOR"]
[SourceTitle "EXT 2024"]
[Source "ChessBase"]
[SourceDate "2023.10.10"]
[SourceVersion "1"]
[SourceVersionDate "2023.10.10"]
[SourceQuality "1"]

1. e4 g6 2. d4 d6 3. Nc3 Bg7 4. Be3 Nf6 5. f3 a6 6. Qd2 Nbd7 7. 0-0-0 e5 8. d5 Nb6 9. h4 h5 10. Bg5 Bd7 11. Nh3 Qe7 12. Nf2 Qf8 13. Kb1 Bh6 14. g3 0-0-0 15. b3 Ng8 16. Bh3 Bxh3 17. Nxh3 f6 18. Be3 Bxe3 19. Qxe3 Ne7 20. Ne2 f5 21. Ng5 Qf6 22. c4 Ng8 23. Rc1 Kb8 24. b4 Nd7 25. c5 Nf8 26. c6 b6 27. Rc3 f4 28. gxf4 exf4 29. Qd3 Ka7 30. Ra3 b5 31. Qxb5 a5 32. Rxa5# 1-0

[Event "Politiken Cup 37th"]
[Site "Helsingor"]
[Date "2015.07.30"]
[Round "7"]
[White "Nilsen, Tobias Lang"]
[Black "Wadstensvik, Petter Andreas"]
[Result "1-0"]
[WhiteElo "1855"]
[BlackElo "1658"]
[PlyCount "73"]
[EventDate "2015.07.25"]
[EventType "swiss"]
[EventRounds "10"]
[EventCountry "DEN"]
[SourceTitle "CBM 167 Extra"]
[Source "ChessBase"]
[SourceDate "2015.09.14"]
[SourceVersion "1"]
[SourceVersionDate "2015.09.14"]
[SourceQuality "1"]

1. d4 Nf6 2. c4 g6 3. Nc3 Bg7 4. e4 d6 5. Nf3 0-0 6. Be2 e5 7. 0-0 Nc6 8. d5 Ne7 9. Ne1 Nd7 10. Be3 f5 11. f3 f4 12. Bf2 g5 13. Nd3 Nf6 14. c5 h5 15. Rc1 h4 16. h3 Nh5 17. cxd6 cxd6 18. Nb5 a6 19. Nc7 Ng3 20. Re1 Bxh3 21. gxh3 Qd7 22. Ne6 Nc6 23. Kg2 Nd4 24. Bxd4 exd4 25. Rc7 Qe8 26. Rxg7+ Kh8 27. Nf2 Rf6 28. Qxd4 Nh5 29. Ng4 Nxg7 30. Qxf6 Qg8 31. Nh6 Qh7 32. Nf8 g4 33. Nxh7 gxh3+ 34. Kh2 Kxh7 35. Rg1 Rg8 36. Qg6+ Kh8 37. Nf7# 1-0

[Event "NOR-ch U16-A"]
[Site "Oslo"]
[Date "2015.07.08"]
[Round "6"]
[White "Huse, Sigurd Kjelsbol"]
[Black "Wadstensvik, Petter Andreas"]
[Result "1/2-1/2"]
[WhiteElo "1535"]
[BlackElo "1400"]
[PlyCount "58"]
[EventDate "2015.07.04"]
[EventType "swiss"]
[EventRounds "9"]
[EventCountry "NOR"]
[SourceTitle "EXT 2017"]
[Source "ChessBase"]
[SourceDate "2016.10.25"]
[SourceVersion "1"]
[SourceVersionDate "2016.10.25"]
[SourceQuality "1"]

1. e4 e5 2. Nf3 Nc6 3. Bb5 Nf6 4. 0-0 Nxe4 5. Re1 Nd6 6. Bxc6 dxc6 7. Nxe5 Be7 8. Nc3 Be6 9. d3 0-0 10. Bf4 Nb5 11. Nxb5 cxb5 12. Qe2 Bf6 13. c3 Re8 14. Qd2 Bf5 15. d4 c6 16. Re2 Bxe5 17. Rxe5 Rxe5 18. Bxe5 Qd5 19. Qf4 Qe4 20. Qxe4 Bxe4 21. f3 Bd5 22. a3 f6 23. Bf4 Re8 24. Kf2 Kf7 25. Re1 Rxe1 26. Kxe1 Ke6 27. Bb8 a5 28. Bc7 a4 29. Kf2 g6 1/2-1/2

[Event "NOR-ch Kadett-B"]
[Site "Lillehammer"]
[Date "2013.06.29"]
[Round "5"]
[White "Wadstensvik, Petter Andreas"]
[Black "Skotheim, Andreas"]
[Result "0-1"]
[WhiteElo "835"]
[BlackElo "969"]
[PlyCount "62"]
[EventDate "2013.06.29"]
[EventType "swiss"]
[EventRounds "9"]
[EventCountry "NOR"]
[SourceTitle "EXT 2017"]
[Source "ChessBase"]
[SourceDate "2016.10.25"]
[SourceVersion "1"]
[SourceVersionDate "2016.10.25"]
[SourceQuality "1"]

1. b4 d5 2. Bb2 Bf5 3. b5 c6 4. a4 a6 5. e3 Nf6 6. Nf3 h6 7. Be2 axb5 8. axb5 Rxa1 9. Bxa1 e6 10. 0-0 c5 11. Nh4 Bh7 12. d3 Be7 13. Nf3 Nbd7 14. c4 0-0 15. Nbd2 Qc7 16. d4 b6 17. Ne5 Nxe5 18. dxe5 Ne4 19. Bd3 Rd8 20. f3 Nxd2 21. Bxh7+ Kxh7 22. Qxd2 d4 23. exd4 cxd4 24. Qd3+ g6 25. f4 Kg7 26. g3 Qb7 27. Bb2 Bc5 28. Bc1 h5 29. h4 Ra8 30. Kh2 Ra2+ 31. Kh3 Qg2# 0-1